| 000 | 00378nam a22001097a 4500 | ||
|---|---|---|---|
| 008 | 160512b xxu||||| |||| 00| 0 eng d | ||
| 020 | _a9789989788666 | ||
| 041 | _aeng | ||
| 080 | _a612.39 | ||
| 245 |
_aUdhëzues per perdorimin dhe zhvillimin e programeve dhe principeve parapprake te sistemit HACCP gjate prodhimit te ushqimit: _cNamik Durmishi; Ismail Ferati; |
||
| 942 |
_2udc _cBK |
||
| 999 |
_c2081 _d2081 |
||